Viu el Parc! : abril / abril /
Publicado:
[Barcelona] :
Diputació de Barcelona, Servei de Parcs Naturals, Oficina de Difusió Artística ,
2004
Descripción Física:
Fulletons : il·lustracions ; 30 cm
Colección:
Viu el Parc!
MARC
| LEADER | 00000nam a2200000Ia 4500 | ||
|---|---|---|---|
| 001 | 16722, 22693, 23181, 23444, 23887, 25454, 25563, 26120, 26348, 26373 | ||
| 008 | 160829s2004 - xx 000 0 cat d | ||
| 017 | |a DL B 7357-2017 | ||
| 017 | |a DL B 7624-2016 | ||
| 017 | |a DL B 6914-2019 | ||
| 017 | |a DL B 5294-2018 | ||
| 017 | |a DL B 8924-2015 | ||
| 080 | |a FU-45-42, FU-56-53, FU-59-38, FU-61-32, FU-62-63 | ||
| 080 | |a FU-69-47 | ||
| 080 | |a FU-68-69 | ||
| 080 | |a FU-62-63 | ||
| 080 | |a FU-71-45 | ||
| 080 | |a FU-72-29 | ||
| 080 | |a FU-72-48 | ||
| 110 | 1 | |a Parc de la Serralada de Marina (Catalunya) |9 10205 | |
| 245 | |a Viu el Parc! : |b abril / |c Parc de la Serralada de Marina | ||
| 260 | |a [Barcelona] : |b Diputació de Barcelona, Servei de Parcs Naturals, Oficina de Difusió Artística, |c 2004- | ||
| 300 | |a Fulletons : |b il·lustracions ; |c 30 cm | ||
| 490 | |a Viu el Parc! | ||
| 500 | |a A la portada: diba.cat/viuelparc | ||
| 500 | |a A partir de 2017, editat per Xarxa de Parcs Naturals de la Diputació de Barcelona i Gerència de Serveis d'Espais Naturals | ||
| 590 | |a Descripció feta a partir del 28 de març de 2004, 3a ed. | ||
| 610 | 1 | 0 | |a Parc de la Serralada de Marina (Catalunya) |9 10205 |
| 610 | 2 | 0 | |a Parc de la Serralada de Marina (Catalunya) |x Activitats culturals |9 52893 |
| 710 | 1 | |a Barcelona (Catalunya : Província). |b Oficina de Difusió Artística |9 52669 | |
| 710 | 1 | |a Barcelona (Catalunya : Província). |b Xarxa de Parcs Naturals |9 7250 | |
| 710 | 1 | |a Barcelona (Catalunya : Província). |b Gerència de Serveis d’Espais Naturals |9 52730 | |
| 830 | 0 | |9 55831 |a Viu el Parc! | |
| 866 | |a 2004 | ||
| 866 | |a 2010-2012 | ||
| 866 | |a 2014-2019 | ||
| 901 | |a Arxiu | ||
| 942 | |n 1 |2 udc |c ARXIU | ||
| 952 | |0 0 |1 0 |4 0 |7 1 |9 55095 |a Arxiu |b Arxiu |d 2016-12-01 |h 9a edició (2010) |o FU-56-53 |p 22693 |r 2016-12-01 00:00:00 |w 2016-12-01 |y ARXIU | ||
| 952 | |0 0 |1 0 |4 0 |6 FU6263 |7 1 |9 56085 |a Arxiu |b Arxiu |d 2023-04-05 |h 13a edició (2014) |o FU-62-63 |p 23887 |r 2016-12-01 00:00:00 |w 2016-12-01 |y ARXIU | ||
| 952 | |0 0 |1 0 |4 0 |7 1 |9 61638 |a Arxiu |b Arxiu |d 2022-05-11 |h 15a edició (2016) |o FU-68-69 |p 25454 |r 2022-05-11 00:00:00 |w 2022-05-11 |y ARXIU | ||
| 952 | |0 0 |1 0 |4 0 |7 1 |9 61781 |a Arxiu |b Arxiu |d 2022-05-19 |h 16a edició (2017) |o FU-69-47 |p 25563 |r 2022-05-19 00:00:00 |w 2022-05-19 |y ARXIU | ||
| 952 | |0 0 |1 0 |4 0 |6 PDL |7 1 |9 62513 |a Arxiu |b Arxiu |d 2022-06-22 |h 16a edició (2017) |o PDL |p 26043 |r 2022-06-22 00:00:00 |w 2022-06-22 |y ARXIU | ||
| 952 | |0 0 |1 0 |4 0 |7 1 |9 62608 |a Arxiu |b Arxiu |d 2022-07-01 |h 18a edició (2019) |o FU-71-45 |p 26120 |r 2022-07-01 00:00:00 |w 2022-07-01 |y ARXIU | ||
| 952 | |0 0 |1 0 |4 0 |6 FU7229 |7 1 |9 63190 |a Arxiu |b Arxiu |d 2022-07-26 |h 17a edició (2018) |o FU-72-29 |p 26348 |r 2022-07-26 00:00:00 |w 2022-07-26 |y ARXIU | ||
| 952 | |0 0 |1 0 |4 0 |7 1 |9 63260 |a Arxiu |b Arxiu |d 2022-07-28 |h 14a edició (2015) |o FU-72-48 |p 26373 |r 2022-07-28 00:00:00 |w 2022-07-28 |y ARXIU | ||
| 952 | |0 0 |1 0 |4 0 |6 FU6132 |7 1 |9 65366 |a Arxiu |b Arxiu |d 2023-02-28 |h 11a edició (2012) |l 0 |o FU-61-32 |p 23444 |r 2023-02-28 00:00:00 |w 2023-02-28 |y ARXIU | ||
| 952 | |0 0 |1 0 |4 0 |6 FU5938 |7 1 |9 65425 |a Arxiu |b Arxiu |d 2023-03-01 |h 10a edició (2011) |l 0 |o FU-59-38 |p 23181 |r 2023-03-01 00:00:00 |w 2023-03-01 |y ARXIU | ||
| 952 | |0 0 |1 0 |4 0 |6 FU4542 |7 1 |9 66001 |a Arxiu |b Arxiu |d 2023-04-05 |h 3a edició (2004) |l 0 |o FU-45-42 |p 16722 |r 2023-04-05 00:00:00 |w 2023-04-05 |y ARXIU | ||
| 999 | |c 58967 |d 58967 | ||